000 00477nam a2200181Ia 4500
001 20605
005 20260306172818.0
008 260306t2003||||xx |||||||||||||| ||spa||
041 _aESP
082 _a343.41
_bP43
100 _aPerla Anaya, José, 1947-
_eAUT
245 0 _aDerecho de la comunicación:
_baportes para una nueva disciplina jurídica
260 _c2003
300 _a342 páginas :
_c23 cm.
650 _aGEN
654 _aCDE
942 _cLIB
_dJUS
_fJUS
_2ddc
_n
999 _c20605
_d20605